00524nam a22001697a 450000500170000001000270001702000250004403500270006903700240009608200120012010000220013224500570015426000320021127000670024330000250031049000190033520111201141516.0 aB-454771 B-483031-059 a9788179931752c75.00 aB-454771 B-483031-059 aBlue Berry/VenbDPL a551.305 aMukherjee, Vijita aSoil :bThe precious earth ! /cby Vijita, Mukherjee aNew DelhibTeri Pressc2008 aDarbari Seth Block, IHC Complex, Lodhi RoadbNew Delhie110003 a16p.bcol.illc23cm. aKnow all about